Drapeaux des pays du monde - Statistics

General Stats
  • This quiz has been taken 204 times
  • The average score is 70 of 196
Answer Stats
Picture Answer % Correct
Bresil
99%
Norvege
86%
Espagne
84%
Tunisie
73%
Japon
71%
Jamaique
70%
Italie
67%
Iran
66%
Portugal
66%
Russie
66%
Algerie
65%
France
64%
Inde
64%
Mexique
64%
Maroc
63%
Israel
62%
Suisse
62%
Argentine
61%
Canada
61%
Uruguay
61%
Niger
60%
Allemagne
59%
Belgique
59%
etats unis
59%
Pologne
59%
Turquie
59%
Chine
58%
Afrique du sud
57%
Coree du sud
57%
Serbie
57%
Suede
57%
Georgie
56%
Albanie
55%
Coree du nord
55%
Croatie
55%
Grece
55%
Irlande
55%
Pays bas
55%
Roumanie
55%
Arabie saoudite
54%
Australie
54%
Egypte
54%
Finlande
53%
Luxembourg
52%
Ukraine
52%
Chypre
51%
Qatar
51%
Colombie
50%
Nigeria
50%
Thailande
50%
Liban
49%
Royaume uni
49%
Danemark
48%
Hongrie
48%
Pakistan
48%
Senegal
48%
Irak
47%
Monaco
46%
Nepal
46%
Cameroun
45%
Cote d'ivoire
45%
Nouvelle zelande
45%
Republique tcheque
45%
Slovaquie
45%
Islande
44%
Bangladesh
43%
Costa rica
43%
Indonesie
43%
Chili
42%
Venezuela
42%
Vietnam
42%
Bulgarie
41%
Cuba
41%
Macedoine
41%
Mali
41%
Panama
41%
Armenie
39%
Cambodge
39%
Kenya
39%
Madagascar
39%
Vatican
39%
Angola
38%
Autriche
38%
Equateur
38%
Malaisie
38%
Malte
38%
Perou
38%
Singapour
38%
Paraguay
37%
Estonie
36%
Slovenie
36%
Somalie
36%
Laos
35%
Andorre
34%
Gabon
34%
Ghana
34%
Haiti
34%
Honduras
34%
Cap vert
33%
Philippines
33%
Sri lanka
33%
Afghanistan
32%
Republique democratique du congo
32%
Guinee
31%
Kazakhstan
31%
Lettonie
31%
Mauritanie
31%
Republique dominicaine
31%
Syrie
31%
Togo
31%
Benin
30%
Bolivie
30%
Ethiopie
30%
kosovo
30%
Montenegro
30%
Saint marin
30%
Seychelles
29%
Tanzanie
29%
Tchad
29%
Burkina faso
28%
Jordanie
28%
Ouzbekistan
28%
Sainte lucie
28%
Soudan
28%
Bielorussie
27%
Fidji
26%
Ouganda
26%
Republique du congo
26%
Bahrein
25%
Guatemala
25%
Moldavie
25%
Taiwan
25%
Turkmenistan
25%
Emirats arabes unis
24%
Libye
24%
Zambie
24%
Maldives
23%
Suriname
23%
Botswana
22%
Mongolie
22%
Mozambique
22%
Nicaragua
22%
Yemen
22%
Zimbabwe
22%
Bhoutan
21%
Erythree
21%
Liechtenstein
21%
Azerbaidjan
20%
Barbade
20%
Oman
20%
Papouasie nouvelle guinee
20%
Djibouti
19%
Bahamas
18%
Burundi
18%
Gambie
18%
Guyana
18%
Koweit
18%
Lesotho
18%
Liberia
18%
Namibie
18%
Salvador
18%
Belize
17%
Sierra leone
17%
Soudan du sud
17%
Dominique
16%
Grenade
16%
Guinee equatoriale
16%
Maurice
16%
Myanmar
16%
Rwanda
16%
Tadjikistan
16%
Malawi
15%
Micronesie
15%
Palaos
15%
Tonga
15%
Tuvalu
15%
Brunei
14%
Eswatini
14%
Republique centrafricaine
14%
Guinee bissau
13%
Kirghizistan
13%
Sao tome et principe
13%
Kiribati
12%
Samoa
12%
Vanuatu
12%
Antigua et barbuda
11%
Nauru
11%
Salomon
11%
Trinite et tobago
11%
Iles marshall
10%
Timor oriental
10%
Lithuanie
9%
Saint vincent et les grenadines
9%
Comoros
8%
Bosnie et herzegovine
3%
Saint kitts et nevis
2%
No matching quizzes found
Score Distribution
Percent of People with Each Score
Percentile by Number Answered
Your Score History
You have not taken this quiz